000
00291nam a22001337a 4500
008
181008b xxu||||| |||| 00| 0 eng d
020
_a
002-3014213
041
_a
eng
080
_a
821
100
_a
21
101
_a
GJU
245
_a
A Hobbes Dictionary
_c
Martinich,AP
942
_2
udc
_c
BK
999
_c
49050
_d
49050